Statistics for American leaders

Click here to take the quiz!

General Stats

  • This quiz has been taken 5 times
  • The average score is 14 of 28

Answer Stats

Leader Country % Correct
Andres Manuel Lopez ObradorMexico
100%
Donald TrumpUnited States of America
100%
Nicolas MaduroVenezuela
100%
Justin TrudeauCanada
100%
Evo MoralesBolivia
100%
Michel TemerBrazil
67%
Ivan DuqueColombia
67%
Tabare VazquezUruguay
67%
Daniel OrtegaNicaragua
67%
Desi BouterseSuriname
33%
Martin VizcarraPeru
33%
Sebastian PineraChile
33%
Salvador Sanchez CerenEl Salvador
33%
Paula-Mae WeekesTrinidad and Tobago
33%
Carlos Arvado QuesadaCosta Rica
33%
Miguel Diaz-CanelCuba
33%
Mauricio MacriArgentina
33%
Mario Abdo BenitezParaguay
33%
Dean BarrowBelize
33%
Lenin MorenoEcuador
33%
Danilo MedinaDominican Republic
33%
Juan Orlando HernandezHonduras
33%
Andrew HolnessJamaica
33%
Jovenel MoiseHaiti
33%
Jimmy MoralesGuatemala
33%
David A. GrangerGuyana
33%
Hubert Minnesthe Bahamas
33%
Juan Carlos VarelaPanama
33%

Score Distribution

Percentile by Number Answered

Percent of People with Each Score

Your Score History

You have not taken this quiz